Claves del teclado: un libro para pianistas

Αποθηκεύτηκε σε:
Λεπτομέρειες βιβλιογραφικής εγγραφής
Κύριος συγγραφέας: Foldes, Andor (Συγγραφέας)
Μορφή: Βιβλίο
Γλώσσα:Ισπανικά
Έκδοση: Buenos Aires Ricordi Americana 1958
Θέματα:
Ετικέτες: Προσθήκη ετικέτας
Δεν υπάρχουν, Καταχωρήστε ετικέτα πρώτοι!

MARC

LEADER 00000nam a2200000 a 4500
001 UCN2739
003 CL-VaPUC
005 20231109092753.0
008 010531e19580000AG |||||||||||||||||spa|d
999 |c 295794  |d 295792 
040 |c Pontificia Universidad Católica de Valparaíso 
082 0 4 |a 786.2193 FOL 1958  |2 21 
100 0 |a Foldes, Andor  |e author  |9 458893 
245 1 0 |a Claves del teclado: un libro para pianistas 
260 |a Buenos Aires  |b Ricordi Americana  |c 1958 
300 |a 79 p 
583 |a last modification  |c 20010531 00:00:00  |k Rodrigo Vera 
650 0 |a Música para piano  |9 306528 
650 0 |a Ejecución instrumental  |2 CL-VaPUC  |9 416980 
650 0 |a Música instrumental  |9 375235 
650 0 |a Música estudio e instrucción   |9 306355 
942 |c BK  |2 ddc 
945 |d 20010531 00:00:00  |a crobeson 
952 |0 0  |1 0  |2 ddc  |4 0  |6 786_219300000000000_FOL_1958  |7 0  |8 A  |9 349147  |a BIBEDU  |b BIBEDU  |d 2019-11-20  |i 1186035  |o 786.2193 FOL 1958  |p 1186035  |r 2023-01-12  |w 2019-11-20  |y BK  |k MUS